Normal view
MARC view
- Wright, Paul Kenneth
Entry Personal Name
001 - CONTROL NUMBER
- control field: 86815
003 - CONTROL NUMBER IDENTIFIER
- control field: NUST
005 - DATE AND TIME OF LATEST TRANSACTION
- control field: 20211217113443.0
008 - FIXED-LENGTH DATA ELEMENTS
- fixed length control field: 211217|| aca||aabn | a|a d
040 ## - CATALOGING SOURCE
- Original cataloging agency: NUST
- Transcribing agency: NUST
100 ## - HEADING--PERSONAL NAME
- Personal name: Wright, Paul Kenneth
670 ## - SOURCE DATA FOUND
- Source citation: Work cat.: (NUST)33244: Trent, E. M. (Edward Moor) 86809, Metal cutting /, c2000.
